000
00311nam a22001337a 4500
008
170330b xxu||||| |||| 00| 0 eng d
020
_a
0407361132
041
_a
eng
080
_a
616-053.2
100
_a
8
101
_a
SHM
245
_a
PEDIATRIC PRIORIES IN THE DEVELOPING WOELD
_c
APLEY.J
942
_2
udc
_c
BK
999
_c
9074
_d
9074